00317nam a2200121Ia 4500008004100000020001500041041000800056082002100064100002200085245005000107260002500157365001300182140306s9999 xx 000 0 und d a8177225170 aeng a658.4012bHIL/ST aCharles, W.L.Hill aStrategic Management : An Integrated Approach aNew DelhibBiztantra bRs.449/-